| 000 | 01231cab a2200241 4500 | ||
|---|---|---|---|
| 001 | ABS67663 | ||
| 008 | 040329n2004 000 0 eng u | ||
| 035 | _a(Sirsi) u125633 | ||
| 100 | _aCrerar, L. | ||
| 245 | _aBest foot forward | ||
| 260 | _c2004 | ||
| 490 |
_aJournal of the Law Society of Scotland _v49(3) March 2004, 60-62(2) |
||
| 520 | _aConsiders why the single survey scheme, being launched on 26 April 2004 in various parts of Scotland chosen for their market condition and diversity, offers a positive way forward for clients and an opportunity for solicitors. Looks at what needed fixing in the Scottish house buying and selling system, the single survey's rationale, how the single survey will resolve perceived problems in the buying and selling process and the scheme's implementation phase. | ||
| 590 | _aABS | ||
| 650 | _aHOME CONDITION REPORTS | ||
| 650 | _aPROPERTY-RESIDENTIAL PROPERTY-ACQUISITION AND DISPOSAL OF RESIDENTIAL PROPERTY | ||
| 650 | _aPROPERTY-RESIDENTIAL PROPERTY-ACQUISITION AND DISPOSAL OF RESIDENTIAL PROPERTY | ||
| 650 | _aSCOTLAND | ||
| 650 | _aSINGLE SURVEY REPORTS | ||
| 650 | _aSCOTTISH SINGLE SURVEY SCHEME | ||
| 690 | _aPROPERTY AND LAND LAW-CONVEYANCING | ||
| 942 | _n0 | ||
| 999 |
_c74318 _d74318 |
||